Top 500 Albums of All Time According to Rate Your Music (Albums) - Statistics

General Stats
  • This quiz has been taken 383 times
  • The average score is 104 of 500
Answer Stats
Rank Year Album Artist Genre % Correct
10 1973 The Dark Side of the Moon Pink Floyd Art Rock
85%
11 1969 Abbey Road The Beatles Pop Rock
78%
2 1997 OK Computer Radiohead Art Rock
76%
1 2015 To Pimp A Butterfly Kendrick Lamar Conscious Hip Hop
75%
80 1991 Nevermind Nirvana Grunge
70%
43 1967 Sgt. Pepper's Lonely Hearts Club Band The Beatles Psychedelic Pop
70%
3 1975 Wish You Were Here Pink Floyd Progressive Rock
70%
7 2000 Kid A Radiohead Electronic / Art Rock
68%
242 1969 Led Zeppelin Led Zeppelin Blues Rock
68%
4 2007 In Rainbows Radiohead Art Rock
66%
13 1972 The Rise and Fall of Ziggy Stardust and the Spiders from Mars David Bowie Glam Rock
66%
96 1969 The Velvet Underground The V-- U-- Pop Rock
66%
51 1968 The Beatles [White Album] The B-- Pop Rock
65%
20 1970 Paranoid Black Sabbath Heavy Metal
64%
18 1966 Revolver The Beatles Pop Rock
64%
6 1969 In the Court of the Crimson King King Crimson Progressive Rock
62%
99 1970 Black Sabbath B-- S-- Heavy Metal
61%
30 1966 Pet Sounds The Beach Boys Baroque Pop
61%
40 2004 The College Dropout Kanye West Pop Rap
60%
28 1977 Animals Pink Floyd Progressive Rock
59%
8 2012 good kid, m.A.A.d city Kendrick Lamar Conscious Hip Hop
59%
178 1982 Thriller Michael Jackson Dance-Pop
59%
46 2016 Blonde Frank Ocean Art Pop
58%
17 1994 Illmatic Nas East Coast Hip Hop
58%
82 1993 In Utero Nirvana Grunge
57%
5 2004 Madvillainy Madvillain Abstract Hip Hop
57%
26 2010 My Beautiful Dark Twisted Fantasy Kanye West Pop Rap
57%
15 1967 The Velvet Underground & Nico The V-- U-- & N-- Art Rock
57%
47 2019 Igor Tyler, the Creator Psychedelic Soul
56%
67 1971 Led Zeppelin IV L-- Z-- Blues Rock
55%
33 1976 Songs in the Key of Life Stevie Wonder Funk
55%
75 1967 The Doors The D-- Psychedelic Rock
55%
37 1986 The Queen Is Dead The Smiths Post Punk
55%
335 1979 The Wall Pink Floyd Progressive Rock
55%
23 1993 Enter the Wu-Tang (36 Chambers) Wu-Tang Clan Hardcore Hip Hop
54%
56 1971 What's Going On Marvin Gaye Smooth Soul
54%
9 1991 loveless my bloody valentine Shoegaze
53%
62 2016 Blackstar David Bowie Art Rock
52%
428 1998 Mos Def & Talib Kweli Are Black Star Black Star Conscious Hip Hop
52%
452 2005 Pink Boris Noise Rock
52%
122 1977 Rumours Fleetwood Mac Pop Rock
52%
98 1986 Master of Puppets Metallica Thrash Metal
51%
110 1965 Rubber Soul The Beatles Pop Rock
51%
457 2005 Be Common Conscious Hip Hop
50%
131 1971 Blue Joni Mitchell Singer-Songwriter
50%
86 2005 Late Registration Kanye West Pop Rap
50%
285 1969 Led Zeppelin II L-- Z-- Blues Rock
50%
27 1974 Red King Crimson Progressive Rock
50%
12 1980 Remain in Light Talking Heads Post Punk
49%
44 1985 Hounds of Love Kate Bush Art Pop
48%
31 1998 In the Aeroplane Over the Sea Neutral Milk Hotel Indie Folk
48%
128 1979 London Calling The Clash Punk Rock
48%
54 2004 MM..FOOD MF DOOM Abstract Hip Hop
48%
204 1995 The Bends Radiohead Alternative Rock
48%
196 1998 The Miseducation of Lauryn Hill Lauryn Hill Conscious Hip Hop
48%
21 2001 Vespertine Björk Art Pop
48%
22 1989 Disintegration The Cure Gothic Rock
47%
53 1977 Low David Bowie Art Rock
47%
85 1967 Are You Experienced The Jimi Hendrix Experience Psychedelic Rock
46%
24 1959 Kind of Blue Miles Davis Modal Jazz
46%
66 1968 Electric Ladyland The Jimi Hendrix Experience Psychedelic Rock
45%
45 1990 Heaven or Las Vegas Cocteau Twins Dream Pop
45%
165 1992 Rage Against the Machine R-- A-- the M-- Rap Metal
45%
81 1984 Ride the Lightning Metallica Thrash Metal
45%
32 1972 Pink Moon Nick Drake Singer-Songwriter
44%
38 1993 Souvlaki Slowdive Dream Pop
44%
52 1970 Bitches Brew Miles Davis Avant-Garde Jazz
43%
71 2001 Discovery Daft Punk Electro Disco
43%
35 1994 Dummy Portishead Acid Jazz
43%
64 2005 Illinois Sufjan Stevens Singer-Songwriter
43%
34 2012 The Money Store Death Grips Experimental Hip Hop
43%
42 1979 Unknown Pleasures Joy Division Post Punk
43%
113 1994 Grace Jeff Buckley Singer-Songwriter
42%
61 1965 Highway 61 Revisited Bob Dylan Singer-Songwriter
42%
215 2013 Yeezus Kanye West Experimental Hip Hop
42%
16 1965 A Love Supreme John Coltrane Avant-Garde Jazz
41%
41 2016 Atrocity Exhibition Danny Brown Experimental Hip Hop
41%
55 1997 Either / Or Elliott Smith Singer-Songwriter
41%
149 2017 Flower Boy Tyler, the Creator Neo-Soul
41%
116 2001 Is This It The Strokes Indie Rock
41%
19 2000 Lift Yr. Skinny Fists Like Antennas to Heaven! Godspeed You Black Emperor! Post-Rock
41%
25 1991 Spiderland Slint Post-Rock
41%
73 1966 Blonde on Blonde Bob Dylan Singer-Songwriter
40%
59 1989 Doolittle Pixies Indie Rock
40%
49 1997 Homogenic Björk Art Pop
40%
87 1994 The Downward Spiral Nine Inch Nails Industrial Rock
40%
68 2006 Donuts J Dilla Instrumental Hip Hop
39%
48 1997 F♯A♯∞ Godspeed You Black Emperor! Post-Rock
39%
60 1977 Marquee Moon Television Post-Punk
39%
36 2001 The Glow Pt. 2 The Microphones Indie Folk
39%
79 1998 Aquemini OutKast Conscious Hip Hop
38%
29 1996 Long Season Fishmans Dream Pop
38%
50 1991 The Low End Theory A Tribe Called Quest Jazz Rap
38%
138 2016 A Moon Shaped Pool Radiohead Art Rock
37%
78 1980 Closer Joy Division Post-Punk
37%
159 1977 Heroes David Bowie Art Rock
37%
123 1990 Violator Depeche Mode Synthpop
37%
256 1994 Weezer [Blue Album] W-- Power Pop
37%
69 2008 Deathconsciousness Have a Nice Life Post-Punk
36%
463 1984 Let It Be The Replacements Alternative Rock
36%
148 1995 Post Björk Art Pop
36%
136 1994 Ready to Die The Notorious B.I.G. Gangsta Rap
36%
315 2016 The Life of Pablo Kanye West Experimental Hip Hop
36%
185 2001 Toxicity System of a Down Alternative Metal
36%
77 1975 Blood on the Tracks Bob Dylan Singer-Songwriter
35%
108 1982 Pornography The Cure Gothic Rock
35%
168 2002 Songs for the Deaf Queens of the Stone Age Alternative Rock
35%
83 2022 Ants From Up There Black Country, New Road Art Rock
34%
58 1972 Close to the Edge Yes Progressive Rock
34%
57 1996 Endtroducing..... DJ Shadow Instrumental Hip Hop
34%
193 2018 KIDS SEE GHOSTS KIDS SEE GHOSTS Experimental Hip Hop
34%
70 1971 Master of Reality Black Sabbath Heavy Metal
34%
157 1993 Siamese Dream Smashing Pumpkins Grunge
34%
329 2012 channel ORANGE Frank Ocean Neo-Soul
33%
125 1971 Hunky Dory David Bowie Pop Rock
33%
63 1996 Soundtracks for the Blind Swans Experimental Rock
33%
74 1976 Station to Station David Bowie Art Rock
33%
205 1992 Dirt Alice in Chains Grunge
32%
94 1973 Innervisions Stevie Wonder Funk
32%
95 1998 Mezzanine Massive Attack Dub
32%
479 1979 Off the Wall Michael Jackson Disco
32%
357 2000 Stankonia OutKast Conscious Hip Hop
32%
14 1963 The Black Saint and the Sinner Lady Mingus Avant-Garde Jazz
32%
107 2014 To Be Kind Swans Experimental Rock
31%
182 2000 White Pony Deftones Alternative Metal
31%
445 2001 Amnesiac Radiohead Art Rock
30%
84 2015 Carrie & Lowell Sufjan Stevens Singer-Songwriter
30%
100 1988 Daydream Nation Sonic Youth Noise Rock
30%
104 1969 Hot Rats Frank Zappa Jazz-Rock
30%
90 1995 Liquid Swords Genius/GZA Hardcore Hip Hop
30%
142 2018 Twin Fantasy Car Seat Headrest Indie Rock
30%
156 1971 Meddle Pink Floyd Progressive Rock
29%
258 1975 Physical Graffiti Led Zeppelin Blues Rock
29%
65 1992 Selected Ambient Works 85-92 Aphex Twin Ambient Techno
29%
197 1977 Aja Steely Dan Jazz-Rock
28%
132 1996 ATLiens OutKast Conscious Hip Hop
28%
298 1975 Born to Run Bruce Springsteen Singer-Songwriter
28%
275 2005 Demon Days Gorillaz Art Pop
28%
348 1995 Mellon Collie and the Infinite Sadness The Smashing Pumpkins Alternative Rock
28%
111 2014 Piñata Freddie Gibbs & Madlib Jazz Rap
28%
89 1967 Songs of Leonard Cohen Leonard Cohen Singer-Songwriter
28%
124 1970 All Things Must Pass George Harrison Pop Rock
27%
244 1995 Elliott Smith E- S- Singer-Songwriter
27%
141 2004 Funeral Arcade Fire Indie Rock
27%
146 2021 LP! JPEGMAFIA Experimental Hip Hop
27%
381 2010 Plastic Beach Gorillaz Art Pop
27%
237 2023 Scaring the Hoes JPEGMAFIA & Danny Brown Experimental Hip Hop
27%
220 1971 Sticky Fingers The Rolling Stones Blues Rock
27%
198 1989 The Stone Roses The S-- R-- Indie Rock
27%
181 1999 When the Pawn Hits the Conflicts He Thinks Like a King What He Knows Throws the Blows When He Goes to the Fight and He'll Win the Whole Thing 'Fore He Enters the Ring There's No Body to Batter When Your Mind Is Your Might So When You Go Solo, You Hold Your Own Hand and Remember That Depth Is the Greatest of Heights and If You Know Where You Stand, Then You Know Where to Land and If You Fall It Won't Matter, Cuz You'll Know That You're Right Fiona Apple Singer-Songwriter
27%
201 2001 Lateralus Tool Alternative Metal
26%
233 1971 Maggot Brain Funkadelic Funk Rock
26%
88 1993 Midnight Marauders A Tribe Called Quest Jazz Rap
26%
459 1996 Pinkerton Weezer Power Pop
26%
278 1988 Surfer Rosa Pixies Indie Rock
26%
433 2015 Rodeo Travis Scott Trap
25%
232 2018 Some Rap Songs Earl Sweatshirt Experimental Hip Hop
25%
195 2012 The Seer Swans Experimental Rock
25%
135 2006 Ys Joanna Newsom Singer-Songwriter
25%
238 1972 Harvest Neil Young Singer-Songwriter
24%
115 1995 The Infamous Mobb Deep Gangsta Rap
24%
166 2002 Turn on the Bright Lights Interpol Post-Punk Revival
24%
147 2016 We got it from Here... Thank You 4 Your service A Tribe Called Quest Conscious Hip Hop
24%
167 1999 Black on Both Sides Mos Def Conscious Hip Hop
23%
369 1975 Horses Patti Smith Singer-Songwriter
23%
39 1969 In a Silent Way Miles Davis Modal Jazz
23%
139 1998 Music Has the Right to Children Boards of Canada Ambient
23%
151 1990 Rust in Peace Megadeth Thrash Metal
23%
102 2000 Since I Left You The Avalanches Plunderphonics
23%
211 2021 Sometimes I Might Be Introvert Little Simz Conscious Hip Hop
23%
103 1971 Tago Mago Can Krautrock
23%
162 2019 Titanic Rising Weyes Blood Art Pop
23%
456 1991 White Light From the Mouth of Infinity Swans Gothic Rock
23%
121 1968 White Light / White Heat The Velvet Underground Experimental Rock
23%
345 1971 Who's Next The Who Art Rock
23%
239 2002 Yankee Hotel Foxtrot Wilco Indie Rock
23%
277 1970 Bridge Over Troubled Water Simon and Garfunkel Singer-Songwriter
22%
282 1972 Exile on Main St. The Rolling Stones Blues Rock
22%
160 1979 Fear of Music Talking Heads Post-Punk
22%
296 1999 The Fragile Nine Inch Nails Art Rock
22%
304 1963 The Freewheelin' Bob Dylan Bob Dylan Singer-Songwriter
22%
93 2003 Velocity : Design : Comfort Sweet Trip Glitch Pop
22%
164 2015 Jenny Death: The Powers That B Disc 2 Death Grips Experimental Hip Hop
21%
170 1992 Love Deluxe Sade Smooth Soul
21%
222 2003 Quebec Ween Art Rock
21%
247 2007 Sound of Silver LCD Soundsystem Dance-Punk
21%
91 1995 Symbolic Death Death Metal
21%
105 1997 The Lonesome Crowded West Modest Mouse Indie-Rock
21%
218 2000 Voodoo D'Angelo Neo-Soul
21%
461 1982 1999 Prince Synth Funk
20%
234 2017 A Crow Looked at Me Mount Eerie Singer-Songwriter
20%
491 2015 E·MO·TION Carly Rae Jepsen Synthpop
20%
106 1960 Giant Steps John Coltrane Modal Jazz
20%
208 2022 Hellfire black midi Avant-Prog
20%
418 1973 Houses of the Holy Led Zeppelin Blues Rock
20%
309 1988 It Takes a Nation of Millions to Hold Us Back Public Enemy Political Hip Hop
20%
72 1991 Laughing Stock Talk Talk Post-Rock
20%
318 1969 Let It Bleed Rolling Stones Blues Rock
20%
321 1981 Moving Pictures Rush Progressive Rock
20%
292 1989 Paul's Boutique Beastie Boys Experimental Hip Hop
20%
129 1985 Rain Dogs Tom Waits Singer-Songwriter
20%
133 1982 The Dreaming Kate Bush Art Pop
20%
255 1997 The Mollusk Ween Art Rock
20%
307 1982 The Number of the Beast Iron Maiden Heavy Metal
20%
249 2008 Third Portishead Experimental Rock
20%
458 1970 Third Soft Machine Jazz Fusion
20%
359 1972 Transformer Lou Reed Art Rock
20%
245 1998 XO Elliott Smith Singer-Songwriter
20%
499 1992 Automatic for the People R.E.M. Alternative Rock
19%
117 1970 Fun House The Stooges Garage Rock
19%
76 1969 Karma Pharoah Sanders Avant-Garde Jazz
19%
191 1987 Sign o the Times Prince Pop Rock
19%
291 1983 Speaking in Tongues Talking Heads Synth Funk
19%
171 1998 Stratosphere Duster Slowcore
19%
267 2022 The Forever Story J.I.D Conscious Hip Hop
19%
119 1970 After the Gold Rush Neil Young Singer-Songwriter
18%
272 1967 Axis: Bold as Love The Jimi Hendrix Experience Psychedelic Rock
18%
219 2016 Bottomless Pit Death Grips Experimental Hip Hop
18%
120 1965 Bringing It All Back Home Bob Dylan Singer-Songwriter
18%
179 2000 Flood Boris Post-Rock
18%
154 2002 Geogaddi Boards of Canada Ambient
18%
253 2023 Javelin Sufjan Stevens Singer-Songwriter
18%
169 2003 Mount Eerie The Microphones Psychedelic Folk
18%
243 1973 Sabbath Bloody Sabbath Black Sabbath Heavy Metal
18%
473 2011 XXX Danny Brown Experimental Hip Hop
18%
101 1999 Ágætis byrjun Sigur Rós Dream Pop
17%
494 2019 All My Heroes Are Cornballs JPEGMAFIA Experimental Hip Hop
17%
264 1971 Fragile Yes Progressive Rock
17%
434 1999 Operation: Doomsday MF DOOM Abstract Hip Hop
17%
302 1977 Pink Flag Wire Punk Rock
17%
202 1984 Powerslave Iron Maiden Heavy Metal
17%
203 1968 The Kinks Are the Village Green Preservation Society The Kinks Pop Rock
17%
486 2018 Veteran JPEGMAFIA Experimental Hip Hop
17%
342 2018 You Won't Get What You Want Daughters Noise Rock
17%
438 1999 American Football A-- F-- Midwest Emo
16%
455 1971 Aqualung Jethro Tull Progressive Rock
16%
183 1981 Discipline King Crimson Art Rock
16%
360 1977 Exodus Bob Marley & The Wailers Pop Reggae
16%
194 1973 Selling England by the Pound Genesis Progressive Rock
16%
370 1985 Songs From the Big Chair Tears for Fears Synthpop
16%
495 1994 Superunknown Soundgarden Grunge
16%
241 1997 The Velvet Rope Janet Jackson Neo-Soul
16%
224 1972 Thick as a Brick Jethro Tull Progressive Rock
16%
150 2007 Untrue Burial Future Garage
16%
299 2021 By the Time I Get to Phoenix Injury Reserve Experimental Hip Hop
15%
92 1973 Future Days Can Krautrock
15%
152 1973 Lark's Tongues in Aspic King Crimson Progressive Rock
15%
500 1996 Reasonable Doubt Jay-Z Gangsta Rap
15%
225 1986 Reign in Blood Slayer Thrash Metal
15%
109 1988 Spirit of Eden Talk Talk Art Rock
15%
371 2016 The Glowing Man Swans Experimental Rock
15%
374 2010 This Is Happening LCD Soundsystem Alternative Dance
15%
300 1996 Ænima Tool Alternative Metal
14%
97 1972 Clube da Esquina Milton Nascimento & Lô Borges MPB
14%
192 1970 Curtis Curtis Mayfield Funk
14%
144 1969 Five Leaves Left Nick Drake Singer-Songwriter
14%
209 1973 Head Hunters Herbie Hancock Jazz-Funk
14%
221 1991 Human Death Death Metal
14%
206 2001 Jane Doe Converge Mathcore
14%
134 2001 Leaves Turn Inside You Unwound Indie Rock
14%
466 2013 ...Like Clockwork Queens of the Stone Age Alternative Rock
14%
118 1978 Music for 18 Musicians Steve Reich and Musicians Rythmic
14%
353 1998 Music for 18 Musicians Steve Reich / Steve Reich and Musicians Instrumental
14%
155 1971 Songs of Love and Hate Leonard Cohen Singer-Songwriter
14%
308 1967 Strange Days The Doors Psychedelic Rock
14%
394 2016 Teens of Denial Car Seat Headrest Indie Rock
14%
273 1999 Things Fall Apart The Roots Conscious Hip Hop
14%
217 2003 Vaudeville Villain Viktor Vaughn Experimental Hip Hop
14%
143 1975 Another Green World Eno Art Rock
13%
293 1968 Astral Weeks Van Morrison Singer-Songwriter
13%
184 2003 Boris at Last -Feedbacker- Boris Post Metal
13%
229 1997 Dots and Loops Stereolab Art Pop
13%
453 1983 Murmur R.E.M. Alternative Rock
13%
344 2016 Nonagon Infinity King Gizzard and the Lizard Wizard Psychedelic Rock
13%
137 1974 On the Beach Neil Young Singer-Songwriter
13%
199 1990 Painkiller Judas Priest Heavy Metal
13%
114 1979 Rust Never Sleeps Neil Young / Crazy Horse Singer-Songwriter
13%
153 2003 The Magnolia Electric Co. Magnolia Electric Co. Alt-Country
13%
269 2000 The Moon & Antarctica Modest Mouse Art Rock
13%
260 1977 Trans Europa Express Kraftwerk Synthpop
13%
213 1984 Treasure Cocteau Twins Dream Pop
13%
246 2013 0 Ichiko Aoba Singer-Songwriter
12%
467 1968 Beggars Banquet The Rolling Stones Blues Rock
12%
216 1970 Cosmo's Factory Creedence Clearwater Revival Swamp Rock
12%
235 1994 Crooked Rain, Crooked Rain Pavement Indie Rock
12%
240 1978 Die Mensch-Maschine Kraftwerk Synthpop
12%
409 2001 drukqs Aphex Twin Ambient
12%
430 2011 Helplessness Blues Fleet Foxes Indie Folk
12%
190 1963 IX. Symponie Ludwig van Beethoven / Berliner Philharmoniker / Herbert von Karajan Romanticism
12%
411 1972 Machine Head Deep Purple Blues Rock
12%
251 2005 Modal Soul Nujabes Jazz Rap
12%
188 1973 Raw Power The Stooges Garage Rock
12%
425 1993 Red House Painters [Rollercoaster] R-- H-- P-- Slowcore
12%
403 1987 Sister Sonic Youth Noise Rock
12%
328 1975 Symphonie Nr. 5 Ludwig van Beethoven / Wiener Philharmoniker / Carlos Kleiber Romanticism
12%
186 1969 Townes Van Zandt T-- V-- Z-- Singer-Songwriter
12%
306 2014 Black Messiah D'Angelo and the Vanguard Neo-Soul
11%
324 1972 Black Sabbath Vol. 4 B-- S-- Heavy Metal
11%
404 2012 Bloom Beach House Dream Pop
11%
261 1971 Bryter Layter Nick Drake Singer-Songwriter
11%
421 1999 California Mr. Bungle Art Rock
11%
431 2010 Cosmogramma Flying Lotus Glitch Hop
11%
439 1995 Different Class Pulp Britpop
11%
265 2022 Dragon New Warm Mountain I Believe in You Big Thief Folk Rock
11%
172 1975 Expensive Shit Fela Kuti & The Africa '70 Jazz-Funk
11%
223 1967 Forever Changes Love Psychedelic Pop
11%
305 1969 Hot Buttered Soul Isaac Hayes Funk
11%
126 1959 Mingus Ah Um Charles Mingus Post-Bop
11%
112 1961 My Favorite Things John Coltrane Modal Jazz
11%
478 1996 Richard D. James Album Aphex Twin Acid Breaks
11%
423 1985 Symphonie No. 9 / Moldau Antonín Dvořák / Bedřich Smetana Romanticism
11%
354 1962 Symphonie Nr. 5 Ludwig van Beethoven / Berliner Philharmoniker / Herbert von Karajan Romanticism
11%
402 1984 Symphony No. 9 "From the New World" Antonín Dvořák / Chicago Symphony Orchestra / Georg Solti Romanticism
11%
476 1972 Talking Book Stevie Wonder Psychedelic Soul
11%
448 2012 The Idler Wheel Is Wiser Than the Driver of the Screw and Whipping Cords Will Serve You More Than Ropes Will Ever Do Fiona Apple Singer-Songwriter
11%
313 1974 The Lamb Lies Down on Broadway Genesis Progressive Rock
11%
416 1999 The Soft Bulletin The Flaming Lips Psychedelic Pop
11%
140 2009 You Will Never Know Why Sweet Trip Indie Pop
11%
177 1959 Art Blakey and The Jazz Messengers [Moanin'] A-- B-- and The J-- M-- Hard Bop
10%
408 2000 Deltron 3030 Deltron 3030 Experimental Hip Hop
10%
163 1972 Ege Bamyası Can Krautrock
10%
259 1979 Entertainment! Gang of Four Post-Punk
10%
295 1996 Filosofem Burzum Ambient
10%
228 1996 If You're Feeling Sinister Belle and Sebastian Chamber Pop
10%
314 1994 Let Love In Nick Cave and The Bad Seeds Gothic Rock
10%
127 1968 Odessey and Oracle The Zombies Psychedelic Pop
10%
346 1995 Only Built 4 Cuban Linx... Raekwon Gangsta Rap
10%
290 1981 The Ascension Glenn Branca Noise Rock
10%
472 1970 Abraxas Santana Latin Rock
9%
266 2001 Blackwater Park Opeth Death Metal
9%
210 1958 Blue Train John Coltrane Hard Bop
9%
176 1969 Everybody Knows This Is Nowhere Neil Young / Crazy Horse Singer-Songwriter
9%
444 2005 Frances the Mute The Mars Volta Progressive Rock
9%
236 1980 Fresh Fruit for Rotting Vegetables Dead Kennedys Punk Rock
9%
437 1970 John Lennon / Plastic Ono Band J-- L-- / P-- O-- B-- Singer-Songwriter
9%
391 2020 Microphones in 2020 The Microphones Singer-Songwriter
9%
281 1974 Mirage Camel Progressive Rock
9%
310 2012 Mista Thug Isolation Lil Ugly Mane Horrorcore
9%
248 1965 Pastel Blues Nina Simone Blues
9%
460 1990 Repeater Fugazi Post-Hardcore
9%
280 1988 Seventh Son of a Seventh Son Iron Maiden Heavy Metal
9%
289 1983 Swordfishtrombones Tom Waits Singer-Songwriter
9%
443 1995 The Great Annihilator Swans Experimental Rock
9%
383 1971 There's a Riot Goin' On Sly & The Family Stone Psychedelic Soul
9%
333 1998 The Sound of Perseverance Death Death Metal
9%
301 2020 Windswept Adan Ichiko Aoba Singer-Songwriter
9%
395 1987 You're Living All Over Me Dinosaur Noise Rock
9%
212 1977 Zombie Fela Kuti & The Africa '70 Jazz-Funk
9%
375 2022 Aethiopes billy woods Experimental Hip Hop
8%
250 1999 Bocanada Gustavo Cerati Art Pop
8%
464 1978 Darkness on the Edge of Town Bruce Springsteen Singer-Songwriter
8%
288 1981 Deceit This Heat Experimental Rock
8%
475 1970 Deep Purple in Rock Deep Purple Heavy Metal
8%
386 1984 Double Nickels on the Dime Minutemen Post-Punk
8%
368 1999 Emergency & I The Dismemberment Plan Indie Rock
8%
180 1971 First Utterance Comus Psychedelic Folk
8%
283 1972 Foxtrot Genesis Progressive Rock
8%
252 1964 Getz / Gilberto Stan Getz & João Gilberto Bossa Nova
8%
231 2010 Have One on Me Joanna Newsom Singer-Songwriter
8%
320 1974 Here Come the Warm Jets Eno Art Rock
8%
470 1988 Leprosy Death Death Metal
8%
377 1964 Mingus Mingus Mingus Mingus Mingus Charles Mingus Post-Bop
8%
343 1972 On the Corner Miles Davis Avant-Garde Jazz
8%
262 1971 Paul McCartney / Linda McCartney Ram Pop Rock
8%
422 1976 Rising Rainbow Heavy Metal
8%
481 2013 Virgins Tim Hecker Drone
8%
468 1984 Zen Arcade Hüsker Dü Noise Rock
8%
399 2011 A I A: Alien Observer Grouper Ambient Pop
7%
263 1966 Ascension [Edition 1] John Coltrane Spiritual Jazz
7%
279 1992 Bone Machine Tom Waits Singer-Songwriter
7%
336 2022 Cheat Codes Danger Mouse & Black Thought Conscious Hip Hop
7%
334 2018 Crumbling Mid-Air Thief Neo-Psychedelia
7%
388 2005 From Mars to Sirius Gojira Death Metal
7%
276 1976 Hejira Joni Mitchell Singer-Songwriter
7%
483 2006 Hell Hath No Fury Clipse Gangsta Rap
7%
372 1981 Juju Siouxsie and The Banshees Post-Punk
7%
376 2010 Just Got Back From the Discomfort - We're Alright The Brave Little Abacus Experimental Rock
7%
385 2000 Mama's Gun Erykah Badu Neo-Soul
7%
405 1970 Moondance Van Morrison Singer-Songwriter
7%
338 1965 Otis Blue: Otis Redding Sings Soul Otis Redding Blues
7%
297 1964 Out to Lunch Eric Dolphy Avant-Garde Jazz
7%
145 1997 Perfect From Now On Built to Spill Indie Rock
7%
317 1994 Selected Ambient Works Volume II Aphex Twin Electronic
7%
474 2002 Songs About Leaving Carissa's Wierd Slowcore
7%
303 2005 The Ape of Naples Coil Industrial
7%
401 2001 The Argument Fugazi Indie Rock
7%
487 1994 6 Feet Deep Gravediggaz Experimental Hip Hop
6%
270 1969 Arthur or the Decline and Fall of the British Empire The Kinks Pop Rock
6%
373 1978 Chairs Missing Wire Post-Punk
6%
214 1971 Construção Chico Buarque Singer-Songwriter
6%
396 2009 Crack the Skye Mastodon Sludge Metal
6%
351 2009 Daughter of Darkness Natural Snow Buildings Drone
6%
390 1997 I Can Hear the Heart Beating as One Yo La Tengo Indie Rock
6%
492 2012 Koi no yokan Deftones Shoegaze
6%
341 1982 Plastic Surgery Disasters Dead Kennedys Hardcore Punk
6%
257 2000 Relationship of Command At the Drive-In Post-Hardcore
6%
161 2002 The Fire This Time Various Artists Spoken Word
6%
367 2017 The G.A.T... Mach-Hommy Conscious Hip Hop
6%
284 1959 The Shape of Jazz to Come Ornette Coleman Avant-Garde Jazz
6%
366 1975 Tonight's the Night Neil Young Singer-Songwriter
6%
175 1997 Uchu Nippon Setagaya Fishmans Dream Pop
6%
326 1979 154 Wire Post-Punk
5%
226 1973 Artaud Pescado Rabioso Folk Rock
5%
426 2022 De todas las flores Natalia Lafourcade Singer-Songwriter
5%
173 2000 Dopethorne Electric Wizard Doom Metal
5%
187 1976 El jardín de los presentes Invisible Art Rock
5%
384 2005 Ghost Reveries Opeth Death Metal
5%
332 2003 Ghosts of the Great Highway Sun Kil Moon Singer-Songwriter
5%
413 1978 Hemispheres Rush Progressive Rock
5%
420 1994 In the Nightside Eclipse Emperor Black Metal
5%
130 1971 Journey in Satchidananda Alice Coltrane featuring Pharoah Sanders Avant-Garde Jazz
5%
387 1999 Keep It Like a Secret Built to Spill Indie Rock
5%
497 1968 Lady Soul Aretha Franklin Blues
5%
254 1998 Moment of Truth Gang Starr Conscious Hip Hop
5%
414 1975 Mothership Connection Parliament Synth Funk
5%
274 1996 None So Vile Cryptopsy Death Metal
5%
419 2021 Promises Pharoah Sanders, Floating Points & London Symphony Orchestra Progressive Electronic
5%
316 1996 Repetition Unwound Noise Rock
5%
356 1971 Requiem Wolfgang Amadeus Mozart / Franz Xaver Süssmayr Requiem
5%
482 1969 Scott 4 Scott Engel Singer-Songwriter
5%
496 1986 Somewhere in Time Iron Maiden Heavy Metal
5%
451 1998 The Nutcracker Pyotr Tchaikovsky / Mariinsky Orchestra / Valery Gergiev Romanticism
5%
484 1996 Through Silver in Blood Neurosis Sludge Metal
5%
412 1999 Vision Creation Newsun Boredoms Experimental Rock
5%
447 2021 Volcanic Bird Enemy and the Voiced Concern Lil Ugly Mane Neo-Psychedelia
5%
319 1989 Wrong NoMeansNo Post-Hardcore
5%
410 1994 Yank Crime Drive Like Jehu Noise Rock
5%
382 1992 A Blaze in the Northern Sky Darkthrone Black Metal
4%
294 1961 Africa / Brass The John Coltrane Quartet Modal Jazz
4%
406 1997 Anthems to the Welkin at Dusk Emperor Black Metal
4%
200 1974 A Tábua de Esmeralda Jorge Ben Samba-Rock
4%
393 2000 Close to a World Below Immolation Death Metal
4%
392 1993 Individual Thought Patterns Death Death Metal
4%
312 1994 Kyuss [Welcome to Sky Valles] K-- Psychedelic Rock
4%
446 1995 Lifestylez ov da Poor & Dangerous Big L Gangsta Rap
4%
331 1995 Mystic Stylez Three-6 Mafia Gangsta Rap
4%
432 1971 Pawn Hearts Van der Graaf Generator Progressive Rock
4%
330 1999 Still Life Opeth Death Metal
4%
364 1995 Storm of the Light's Bane Dissection Black Metal
4%
347 1994 Stress: The Extinction Agenda Organized Konfusion Jazz Rap
4%
322 1971 The Inner Mounting Flame Mahavishnu Orchestra / John McLaughlin Jazz-Rock
4%
440 2006 Ashes Against the Grain Agalloch Black Metal
3%
358 1977 Before and After Science Brian Eno Art Rock
3%
480 1995 Bergtatt: Et eeventyr i 5 capitler Ulver Black Metal
3%
415 2000 Dead as Dreams Weakling Black Metal
3%
397 1970 Exuma E-- Psychedelic Folk
3%
469 1989 Floating Into the Night Julee Cruise Dream Pop
3%
286 1978 Lanquidity Sun Ra Avant-Garde Jazz
3%
207 1972 Let My Children Hear Music Charles Mingus Third Stream
3%
350 1971 Pieces of a Man Gil Scott-Heron Jazz
3%
355 1983 Script of the Bridge The Chameleons Post-Punk
3%
471 1958 Somethin' Else Cannonball Adderley Hard Bop
3%
339 1984 Tabula rasa Arvo Pärt Chamber Music
3%
429 1986 Tango: Zero Hour / Nuevo Tango: Hora Zero Astor Piazzolla and The New Tango Quintet Tango nuevo
3%
271 1967 The Nocturnes Frédéric Chopin / Artur Rubinstein Romanticism
3%
449 2005 Those Once Loyal Bolt Thrower Death Metal
3%
349 1959 Time Out The Dave Brubeck Quartet Cool Jazz
3%
365 1966 Wild Is The Wind Nina Simone Vocal Jazz
3%
400 1981 Youth of America Wipers Post-Punk
3%
158 1972 Acabou chorare Novos Baianos Samba
2%
227 1960 Blues & Roots Charles Mingus Post-Bop
2%
311 1983 Clics modernos Charly García Synthpop
2%
362 1981 Computerwelt Kraftwerk Synthpop
2%
189 1970 Fôrça bruta Jorge Ben Samba Soul
2%
174 1974 Get Up With It Miles Davis Avant-Garde Jazz
2%
287 1958 Le sacre du printemps Igor Stravinsky / New York Philharmonic / Leonard Bernstein Ballet
2%
462 1975 Los Jaivas [El indio] L-- J-- Progressive Rock
2%
441 2009 Masked Dancers: Concern in So Many Things You Forget Where You Are The Brave Little Abacus Midwest Emo
2%
398 1994 New Plastic Ideas Unwound Noise Rock
2%
337 1998 Obscura Gorguts Death Metal
2%
485 1973 Sextant Herbie Hancock Avant-Garde Jazz
2%
363 2000 Shōso Strip Sheena Ringo Art Pop
2%
323 1997 Sobrevivendo no inferno Racionais MC's Conscious Hip Hop
2%
424 1961 Stravinsky Conducts Le sacre du printemps Igor Stravinsky / Columbia Symphony Orchestra Ballet
2%
352 2002 () [Svigaplatan] Sigur Rós Dream Pop
2%
380 2006 The Dance of the Moon and the Sun Natural Snow Buildings Drone
2%
435 1982 The Goldberg Variations Johann Sebastian Bach / Glenn Gould Baroque
2%
389 1976 África Brasil Jorge Ben Funk
1%
230 2003 Kalk samen kuri no hana Sheena Ringo Art Pop
1%
490 1973 Lo mato Willie Colón Salsa dura
1%
325 1961 Olé Coltrane John Coltrane Modal Jazz
1%
340 1972 Roforofo Fight Fela Kuti & The Africa '70 Jazz-Funk
1%
407 1957 Saxophone Colossus Sonny Rollins Hard Bop
1%
417 2004 Shibuboshi Shibusashirazu Jazz Fusion
1%
378 1978 Visions of the Country Robbie Basho American Primitivism
1%
493 1978 "Al final de este viaje..." Silvio Rodríguez Nueva Trova
0%
327 1972 Black Unity Pharoah Sanders Avant-Garde Jazz
0%
488 1970 Deaf Dumb Blind Pharoah Sanders Avant-Garde Jazz
0%
465 1973 Fare Forward Voyagers (Soldier's Choice) John Fahey American Primitivism
0%
361 1965 Free for All Art Blakey and The Jazz Messengers Post-Bop
0%
436 1979 Grasa de las capitales Serú Girán Progressive Rock
0%
442 1977 King Tubbys Meets Rockers Upon Agustus Pablo Dub
0%
268 1998 Kyuusai no gihou Susumu Hirasawa Art Pop
0%
379 1974 Love in Us All Pharoah Sanders Spiritual Jazz
0%
489 1985 Mass in B minor Johann Sebatian Bach / John Eliot Gardinger Baroque
0%
454 1999 Matthäus-Passion Johann Sebastian Bach Baroque
0%
450 2002 Nada como um dia após o outro dia Racionais MC's Conscious Hip Hop
0%
427 1979 Sleeping Beauty Sun Ra and His Arkestra Spiritual Jazz
0%
498 1977 Sorrow Tears and Blood Fela Kuti & The Africa '70 Jazz-Funk
0%
477 1997 The 6 String Quartets Béla Bartók / Takács Quartet Chamber Music
0%
No matching quizzes found
Score Distribution
Percent of People with Each Score
Percentile by Number Answered
Your Score History
You have not taken this quiz